Integrated nutrient management practices on the growth and yield of Sweet Pepper (Capsicum annuum cv.Lin) / (Record no. 14492)

MARC details
000 -LEADER
fixed length control field 01092nam a22002897a 4500
001 - CONTROL NUMBER
control field BD-DhSAU 9032
003 - CONTROL NUMBER IDENTIFIER
control field BD-DhSAU
005 - DATE AND TIME OF LATEST TRANSACTION
control field 20190102114610.0
008 - FIXED-LENGTH DATA ELEMENTS--GENERAL INFORMATION
fixed length control field 150612b2017 bg a||||r|||| 000 0 eng d
040 ## - CATALOGING SOURCE
Original cataloging agency BD-DhSAU
082 ## - DEWEY DECIMAL CLASSIFICATION NUMBER
Edition number 22
Classification number 631.4
Item number B2191
100 ## - MAIN ENTRY--PERSONAL NAME
Personal name Baly , Shamima Akter
Relator code Registration No: 11-04564
245 ## - TITLE STATEMENT
Title Integrated nutrient management practices on the growth and yield of Sweet Pepper (Capsicum annuum cv.Lin) /
Statement of responsibility, etc. Baly , Shamima Akter
Remainder of title Ms Thesis
260 ## - PUBLICATION, DISTRIBUTION, ETC. (IMPRINT)
Place of publication, distribution, etc. Sher-e- Bangla Agricultural University :
Name of publisher, distributor, etc. Department of Soil science,
Date of publication, distribution, etc. 2017.
300 ## - PHYSICAL DESCRIPTION
Extent viii , 53 p. :
Other physical details ill. ,
Dimensions 30 cm.
504 ## - BIBLIOGRAPHY, ETC. NOTE
Bibliography, etc Includes bibliographical references.
590 ## - Name of Cataloguer
Name of Cataloger Shofi
650 ## - SUBJECT ADDED ENTRY--TOPICAL TERM
Topical term or geographic name as entry element Soil science
650 ## - SUBJECT ADDED ENTRY--TOPICAL TERM
Topical term or geographic name as entry element Integrated
650 ## - SUBJECT ADDED ENTRY--TOPICAL TERM
Topical term or geographic name as entry element Nutrient management
650 ## - SUBJECT ADDED ENTRY--TOPICAL TERM
Topical term or geographic name as entry element Growth and yield
650 ## - SUBJECT ADDED ENTRY--TOPICAL TERM
Topical term or geographic name as entry element Sweet Pepper (Capsicum annuum cv.Lin)
700 ## - ADDED ENTRY--PERSONAL NAME
Personal name Paul , Alok Kumar
Relator term Supervisor
700 ## - ADDED ENTRY--PERSONAL NAME
Personal name Khan , Md. Asaduzzaman
Relator term Co-Supervisor
856 ## - ELECTRONIC LOCATION AND ACCESS
Uniform Resource Identifier <a href="http://archive.saulibrary.edu.bd:8080/xmlui/handle/123456789/2021">http://archive.saulibrary.edu.bd:8080/xmlui/handle/123456789/2021</a>
Link text Online Access
942 ## - ADDED ENTRY ELEMENTS (KOHA)
Source of classification or shelving scheme Dewey Decimal Classification
Koha item type MS Level Thesis
Holdings
Withdrawn status Lost status Source of classification or shelving scheme Damaged status Not for loan Collection code Home library Branch Name Date acquired Total Checkouts Full call number Barcode Date last seen Price effective from Koha item type
    Dewey Decimal Classification   Not For Loan Reference SAU Library SAU Library 03/12/2018   631.4 B2191 41022 03/12/2018 03/12/2018 MS Level Thesis